| 000 | 00803nam a22001937a 4500 | ||
|---|---|---|---|
| 005 | 20170809114238.0 | ||
| 010 | _aB-6664976 | ||
| 020 |
_a9780143427681 _c499.00 |
||
| 035 | _aB-6664976 | ||
| 037 |
_adpl _bBlueberry/Ven |
||
| 082 | _a796.3580954 | ||
| 100 | _aGuha, Ramachandra | ||
| 245 |
_aA corner of a foreign field : _cby Ramachandra Guha _bthe Indian history of a british sport / |
||
| 260 |
_aGurgaon _bPenguin Group _c2014 |
||
| 270 |
_a7th Floor, Infinity Tower C, DLF Cyber City _bGurgaon _e122002, Haryana, India |
||
| 300 |
_a525p. _c22cm(pb) |
||
| 942 |
_2ddc _cEN _h796.3580954 _mGUH |
||
| 999 |
_c143181 _d143181 |
||